| 000 | 00528nam a2200145 a 4500 | ||
|---|---|---|---|
| 001 | 000029628 | ||
| 005 | 20200930055704.0 | ||
| 008 | 110419s20uu dr d 000 0 spa d | ||
| 040 |
_aDO-SdBNP _bspa _cBNPHU |
||
| 082 |
_axxx _bxxx |
||
| 110 | 2 |
_aRepública Dominicana _bSecretaría de Estado de Educación _bOficina de Planificación Educativa _956442 |
|
| 245 | 1 | 0 | _aIndicadores educativos básicos año 2002-2003. |
| 260 |
_a[Santo Domingo] : _bOficina de Planificación Educativa, _c[200-?]. |
||
| 300 |
_a18 p. : _bdiagr. ; _c28 cm. |
||
| 999 |
_c29120 _d29120 |
||